Vplyv krízy na tržby v obchode, hoteloch a reštauráciách diplomová práca

Uložené v:
Podrobná bibliografia
Hlavný autor: Rečičárová, Jozefína
Korporativný autor: Podnikovohospodárska fakulta EU so sídlom v Košiciach. Katedra kvantitatívnych metód
Ďalší autori: Megyesiová, Silvia, 1969-
Médium: Kniha
Jazyk:Slovak
Vydavateľské údaje: Košice 2015
Tagy: Pridať tag
Žiadne tagy, Buďte prvý, kto otaguje tento záznam!

MARC

LEADER 00000nbm a2200000 4500
001 0202120
005 20161212094330.6
041 0 |a slo 
044 |a SK 
245 1 0 |a Vplyv krízy na tržby v obchode, hoteloch a reštauráciách  |b diplomová práca  |c Jozefína Rečičárová ; školiteľ: Silvia Megyesiová 
264 1 |a Košice  |c 2015 
300 |a 78 s. 
100 1 |a Rečičárová, Jozefína 
700 1 |a Megyesiová, Silvia, 1969- 
710 2 |a Podnikovohospodárska fakulta EU so sídlom v Košiciach. Katedra kvantitatívnych metód